Score 0/9 Timer 10:00
0 Plays Today
Pay Grade % Correct
E2Airman
100%
E3Airman First Class
91.2%
E1Airman Basic
90.4%
E4Senior Airman
90.4%
E7Master Sergeant
88.8%
E6Technical Sergeant
88%
E5Staff Sergeant
86.4%
E9Chief Master Sergeant or Command Chief Master Sergeant
79.2%
E8Senior Master Sergeant
76.8%
Come Together.
Have Fun.
All Virtual.
We all need to come together. Play Sporcle's virtual live trivia to have fun, connect with people, and get your trivia on. Join a live hosted trivia game for your favorite pub trivia experience done virtually. If a virtual private party is more your thing, go here for details.

You're not logged in!

Compare scores with friends on all Sporcle quizzes.
OR
Log In

Sporcle TV

Today on Sporcle TV


Watch our educational content, quiz creation guides, and fun videos on Sporcle TV.

Show Comments

Extras

Created Mar 2, 2011ReportNominate
Tags:War Quiz, Enlisted, Military, USAF

Top Quizzes Today


Score Distribution

Paid Content

Your Account Isn't Verified!

In order to create a playlist on Sporcle, you need to verify the email address you used during registration. Go to your Sporcle Settings to finish the process.

Report this User

Report this user for behavior that violates our Community Guidelines.

Details: